Centrum chorvátskej kultúry, Jarovce

Saved in:
Bibliographic Details
Main Author: Hrubá, Natália (Author)
Other Authors: Rolenčíková, Gabriela (Thesis advisor)
Format: Manuscript Book
Language:Slovak
Published: 2025
Subjects:
Online Access:http://is.stuba.sk/zp/portal_zp.pl?podrobnosti=168181
Tags: Add Tag
No Tags, Be the first to tag this record!

MARC

LEADER 00000ntm a22000003a 4500
001 stuzp105184
003 SK-STU
005 20250614213650.4
007 ta
008 150427s2015----xo-----f-mn---000-0-slo-d
040 |a STU  |b slo 
041 0 |a slo 
100 1 |a Hrubá, Natália  |u 054140  |4 aut  |U FAD Fakulta architektúry a dizajnu  |T FAD Ústav konštrukcií v architektúre a inžinierskych stavieb  |X 115522  |U A4140  |Y 395  |7 115522 
242 0 1 |a Croatian Cultural Center, Jarovce  |y eng 
245 1 0 |a Centrum chorvátskej kultúry, Jarovce 
260 |c 2025 
650 4 |a event hall  |2 eng 
650 4 |a hempcrete  |2 eng 
650 4 |a wooden building  |2 eng 
650 4 |a cultural centre  |2 eng 
650 4 |a sustainable architecture  |2 eng 
650 4 |a udržateľná architektúra  |2 slo 
650 4 |a konopný betón  |2 slo 
650 4 |a drevostavba  |2 slo 
650 4 |a spoločenská sála  |2 slo 
650 4 |a kultúrne centrum  |2 slo 
700 1 |a Rolenčíková, Gabriela  |u 054140  |k Z9  |4 ths  |U FAD Fakulta architektúry a dizajnu  |T FAD Ústav konštrukcií v architektúre a inžinierskych stavieb  |X 49516  |U A4140  |Y 395  |7 49516 
856 4 |u http://is.stuba.sk/zp/portal_zp.pl?podrobnosti=168181